| 000 | 00510nam a2200181Ia 4500 | ||
|---|---|---|---|
| 001 | 22539 | ||
| 008 | 171109s1934 ii g b000 u 465 u | ||
| 082 | _a332.63 | ||
| 100 | _aBuchanan, D.H. . | ||
| 245 | 0 |
_aThe Development of Capitalistic Enteprise in India / _cD.H. Buchanan. _hTextual Documents |
|
| 250 | _a1st ed. / | ||
| 260 |
_aNew York : _bThe Macmillan Company , _c1934. |
||
| 300 |
_a497p. ; _c23cm. |
||
| 504 | _aIndex | ||
| 653 | _aT/G- Economics | ||
| 653 | _aIndian Economy | ||
| 942 |
_2ddc _cBK |
||
| 999 |
_c22521 _d22521 |
||